LIBRARY & INFORMATION CENTRE, KCAET, TAVANUR

ONLINE PUBLIC ACCESS CATALOGUE (OPAC)

Teaching lively English / (Record no. 12135)

MARC details
000 -LEADER
fixed length control field 00432cam a2200181ua 4500
041 ## - LANGUAGE CODE
Language code of text/sound track or separate title eng
082 ## - DEWEY DECIMAL CLASSIFICATION NUMBER
Classification number 372.6521
Item number BEL/TE
100 ## - MAIN ENTRY--AUTHOR NAME
Personal name Bell, C R V .
245 ## - TITLE STATEMENT
Title Teaching lively English /
250 ## - EDITION STATEMENT
Edition statement 1 /
260 ## - PUBLICATION, DISTRIBUTION, ETC. (IMPRINT)
Place of publication London :
Name of publisher Longman Green and Co ,
Year of publication 1943.
300 ## - PHYSICAL DESCRIPTION
Number of Pages 55 ; .
942 ## - ADDED ENTRY ELEMENTS (KOHA)
Koha item type Books
Holdings
Withdrawn status Lost status Damaged status Home library Current library Date acquired Full call number Accession Number Koha item type
Withdrawn     KAUAET Central Prison Tavanur 07/04/2012 372.6521 4004 Books
free website counter